Disney Facts Quiz Stats

Quiz not verified by Sporcle

Also try: The 'World' Game
Challenge
Share
Tweet
Embed
Score 0/10 Timer 06:00
0 Plays Today
Disney Answers % Correct
Who killed Mufasa?Scar
98.9%
Who is Aquata and Andrina's famous younger sister?Ariel
78.1%
Who killed Scar?Hyenas
77.8%
What animal is Meeko?Raccoon
77.4%
What colour are Mickey's shoes?Yellow
74.5%
How else is Briar Rose known?Sleeping beauty or Aurora
72.9%
Who is Todd's best friend?Copper
69.6%
Who spots Belle first in the castle?Chip
59.7%
Who can enter the Cave of Wonders?Diamond in the rough
41.8%
Who does Ray love in Princess and the Frog?Evangeline
36.2%

You're not logged in!

Compare scores with friends on all Sporcle quizzes.
Sign Up with Email
OR
Log In

You Might Also Like...

Show Comments

Extras

Top Quizzes Today


Score Distribution

Your Account Isn't Verified!

In order to create a playlist on Sporcle, you need to verify the email address you used during registration. Go to your Sporcle Settings to finish the process.